| 000 | 00372nam a22001337a 4500 | ||
|---|---|---|---|
| 003 | SGT | ||
| 082 |
_a615 _bI08M |
||
| 100 | _a MINISTRY OF HEALTH & FAMILY WELFARE. | ||
| 245 | _aINVENTORY OF ANIMAL PRODUCTS USEDIN AYURVEDA SIDDHA AND UNANI | ||
| 260 |
_aDELHI _b MINISTRY OF HEALTH & FAMILY WELFARE. _c2008 |
||
| 300 | _a+577+CLXXXX1 | ||
| 650 | _aAYURVEDA | ||
| 942 |
_2ddc _cBK |
||
| 999 |
_c8639 _d8639 |
||